000 01250nam a2200361 c 4500
001 3083
003 ES-MaCES
005 20160629131846.0
008 971211s1992 lu o o||| | eng d
020 _a9282642917
035 _aCES19980031060m
040 _aES-MaCES
_bspa
_cES-MaCES
111 2 _aSeminar European Aquaculture in 1992 : Euraqua'92
_d1991
_cBruselas
_9101
245 1 0 _aEuropean aquaculture in 1992
_b: Euraqua '92 : Seminar proceedings, Brussels, 30th and 31st May 1991
260 _aLuxembourg
_bOffice for Official Publications of the European Communities
_c1992
300 _a195 p.
_bfot. bl. y n.
_c30 cm
500 _aPrecede al tít: Commission of the European Communities
500 _aEn la port., además: Document
541 _cCompra
650 4 _apolítica comunitaria
_930776
650 4 _aacuicultura
_929721
650 4 _apolítica pesquera
_927610
650 4 _adesarrollo de la industria pesquera
_927609
650 4 _a1992
_930809
650 4 _ainforme
_928986
650 4 _aconferencia
_927013
653 1 0 _aPesca
650 4 _926752
_aUE
710 2 _92014
_aComisión de las Comunidades Europeas
902 _aLIB Libro
942 _2CES
_cBK
_h5.1.
999 _c3083
_d3083